Ambedkarude rashtravum desheeyathayum/ (Record no. 181819)

000 -LEADER
fixed length control field 00465nam a22001817a 4500
020 ## - INTERNATIONAL STANDARD BOOK NUMBER
ISBN 978-93-49946-58-3
082 ## - DEWEY DECIMAL CLASSIFICATION NUMBER
Classification number 954.035
Item number VIS/A
100 ## - MAIN ENTRY--AUTHOR NAME
Personal name Vishnu K P.
245 ## - TITLE STATEMENT
Title Ambedkarude rashtravum desheeyathayum/
Statement of responsibility, etc by Vishnu K P.
260 ## - PUBLICATION, DISTRIBUTION, ETC. (IMPRINT)
Place of publication Kozhikode:
Name of publisher Atma Books,
Year of publication 2025.
300 ## - PHYSICAL DESCRIPTION
Number of Pages 168p.
650 ## - SUBJECT ADDED ENTRY--TOPICAL TERM
Topical Term History Ambedkar
650 ## - SUBJECT ADDED ENTRY--TOPICAL TERM
Topical Term Caste System
650 ## - SUBJECT ADDED ENTRY--TOPICAL TERM
Topical Term Ambedkar Studies
650 ## - SUBJECT ADDED ENTRY--TOPICAL TERM
Topical Term Dalit Studies
650 ## - SUBJECT ADDED ENTRY--TOPICAL TERM
Topical Term History
942 ## - ADDED ENTRY ELEMENTS (KOHA)
Koha item type Book
Holdings
Withdrawn status Lost status Damaged status Not for loan Permanent Location Current Location Shelving location Date acquired Cost, normal purchase price Full call number Accession Number Price effective from Koha item type
        Sree Sankaracharya University of Sanskrit Sree Sankaracharya University of Sanskrit Stacks 26.05.2026 330.00 AMB 954.035 VIS/A 108958 26.05.2026 Book